Private Jets by Picture - Statistics

General Stats
  • This quiz has been taken 49 times
  • The average score is 5 of 12
Answer Stats
Picture Answer % Correct
Hondajet 420
77%
Embraer Phenom 300
65%
Cessna Citation Mustang
58%
Gulfstream G700
54%
Cirrus Vision Jet
50%
Pilatus PC-24
46%
Bombardier Global 8000
38%
Embraer Praetor 600
31%
Hawker 400
31%
Embraer Legacy 650
27%
Learjet 35
27%
Eclipse 550
19%
No matching quizzes found
Score Distribution
Percent of People with Each Score
Percentile by Number Answered
Your Score History
You have not taken this quiz